the fundamental principles practice of technical drawing (Record no. 250240)
[ view plain ]
| 000 -LEADER | |
|---|---|
| fixed length control field | 00254 a2200097 4500 |
| 001 - CONTROL NUMBER | |
| control field | 15167 |
| 090 ## - LOCALLY ASSIGNED LC-TYPE CALL NUMBER (OCLC); LOCAL CALL NUMBER (RLIN) | |
| -- | 11911 |
| -- | 11911 |
| 100 ## - MAIN ENTRY--PERSONAL NAME | |
| Personal name | Miller D |
| 245 ## - TITLE STATEMENT | |
| Title | the fundamental principles practice of technical drawing |
| 260 ## - PUBLICATION, DISTRIBUTION, ETC. | |
| Place of publication, distribution, etc. | London |
| Name of publisher, distributor, etc. | The grant educational |
| Date of publication, distribution, etc. | |
| 942 ## - ADDED ENTRY ELEMENTS (KOHA) | |
| Institution code [OBSOLETE] | NUST-CAE |
| Koha item type | |
| -- | |
| Withdrawn status | Lost status | Damaged status | Not for loan | Collection code | Permanent Location | Current Location | Date acquired | Total Checkouts | Barcode | Date last seen | Price effective from | Koha item type |
|---|---|---|---|---|---|---|---|---|---|---|---|---|
| College of Aeronautical Engineering (CAE) | College of Aeronautical Engineering (CAE) | 04/03/2017 | CAE34181 | 04/05/2017 | 04/05/2017 | Book |
